000 00528nam a2200193Ia 4500
005 20250508163713.0
008 008 250505s9999 xx 000 0 eng d
020 _a81-7024-658-X
037 _aTextual
040 _aFEDL
_beng
_cFEDL
041 _aeng
_2eng
084 _a507, DIG
_qFEDL
100 _aDigumarti Bhaskara Rao
_9776033
245 0 _aScientific aptitude
260 _aNew Delhi, India
_bAshish Publishing House
_c1994
300 _a87p
942 _cTEXL
_h507, DIG
999 _c1384800
_d1384800